GEOGRAFIA ECONOMICA DE MEXICO : (Registro nro. 2410)
[ vista simple ]
| 000 -LEADER | |
|---|---|
| fixed length control field | 00490nam a2200169 a 4500 |
| 001 - CONTROL NUMBER | |
| control field | 2410 |
| 005 - DATE AND TIME OF LATEST TRANSACTION | |
| control field | 20180713182409.0 |
| 008 - FIXED-LENGTH DATA ELEMENTS--GENERAL INFORMATION | |
| fixed length control field | 140415s1991 mx 000 0 spa d |
| 041 ## - LANGUAGE CODE | |
| Language code of text/sound track or separate title | spa |
| 082 ## - DEWEY DECIMAL CLASSIFICATION NUMBER | |
| Classification number | 330.972 |
| Item number | BAS |
| 100 1# - MAIN ENTRY--PERSONAL NAME | |
| Personal name | Bassols Batalla, Angel,. |
| 245 10 - TITLE STATEMENT | |
| Title | GEOGRAFIA ECONOMICA DE MEXICO : |
| Remainder of title | TEORIA FENOMENOS GENERALES, ANALISIS REGIONAL |
| 250 ## - EDITION STATEMENT | |
| Edition statement | 6a ed. |
| 260 ## - PUBLICATION, DISTRIBUTION, ETC. | |
| Place of publication, distribution, etc. | MEXICO : |
| Name of publisher, distributor, etc. | TRILLAS, |
| Date of publication, distribution, etc. | 1991 |
| 300 ## - PHYSICAL DESCRIPTION | |
| Extent | 431 |
| 650 14 - SUBJECT ADDED ENTRY--TOPICAL TERM | |
| Topical term or geographic name entry element | MEXICO |
| General subdivision | CONDICIONES ECONOMICAS |
| Withdrawn status | Lost status | Source of classification or shelving scheme | Damaged status | Not for loan | Collection code | Home library | Current library | Shelving location | Date acquired | Source of acquisition | Inventory number | Total Checkouts | Full call number | Barcode | Date last seen | Price effective from | Koha item type |
|---|---|---|---|---|---|---|---|---|---|---|---|---|---|---|---|---|---|
| Dewey Decimal Classification | General | Biblioteca Karol Wojtyla | Biblioteca Karol Wojtyla | Sala general | 03/12/2013 | Compra | 151000000000000000049666 | 330.972 BAS | 41119 | 05/01/2026 | 03/12/2013 | Libro | |||||
| Dewey Decimal Classification | General | Biblioteca Karol Wojtyla | Biblioteca Karol Wojtyla | Sala general | 03/12/2013 | Compra | 151000000000000000049665 | 330.972 BAS | 13195 | 05/01/2026 | 03/12/2013 | Libro |